La población del Caribe en el ocaso de la hegemonía española en la región 1590-1620 : (Registro nro. 13619)
[ vista simple ]
| 000 -LIDER | |
|---|---|
| fixed length control field | 03417nam a22003497a 4500 |
| 003 - IDENTIFICACDOR DE NÚMERO DE CONTROL | |
| control field | DO-SdBNP |
| 005 - DATE AND TIME OF LATEST TRANSACTION | |
| control field | 20210909131021.0 |
| 008 - ELEMENTOS DE LONGITUD FIJA | |
| fixed length control field | 2020 dr ||| 00| 0 spa d |
| 020 ## - ISBN | |
| International Standard Book Number | 9789945613629 (v.1) |
| 020 ## - ISBN | |
| International Standard Book Number | 9789945613636 (v.2) |
| 040 ## - FUENTE DE CATALOGACIÓN | |
| Agencia que crea de manera original el registro | BPMSU |
| Idioma de catalogación | spa |
| Agencia que realiza la transcripción | BPMSU |
| 082 ## - NÚMERO DE CLASIFICACIÓN DECIMAL DE DEWEY | |
| Classification number | R920..0729 |
| Item number | B972d 2020 |
| Edition number | 22 |
| 100 1# - ASIENTO PRINCIPAL -- NOMBRE PERSONAL | |
| Nombre personal | Burset Flores, Luis Rafael |
| 245 10 - MENCIÓN DE TITULO | |
| Título | La población del Caribe en el ocaso de la hegemonía española en la región 1590-1620 : |
| Subtítulo | diccionario biográfico de residentes en la cuenca del Caribe / |
| Mención de responsabilidad | Luis Rafael Burset Flores ; presentación : Raymundo González |
| Enlace | |
| 260 ## - PUBLICACIÓN, DISTRIBUCIÓN, ETC. (PIE DE IMPRENTA) | |
| Lugar de publicación, distribución, etc | Santo Domingo : |
| Nombre del editor, distribuidor, etc. | Corripio, |
| Fecha de publicación, distribución, etc | 2020. |
| 300 ## - DESCRIPCIÓN FÍSICA | |
| Extensión | v. ; |
| Dimensiones | 26 cm |
| 490 0# - MENCIÓN DE SERIES | |
| Mención de serie | Archivo Genral de la Nación |
| Volume/sequential designation | 397 |
| 500 ## - NOTA GENERAL | |
| Nota general | Incluye datos biográficos del autor en la solapa de la cubierta |
| 500 ## - NOTA GENERAL | |
| Nota general | Incluye referencias bibliográficas y notas al pie de las páginas |
| 500 ## - NOTA GENERAL | |
| Nota general | Inclueye índice |
| 504 ## - NOTA DE BIBLIOGRAFÍA, ETC. | |
| Bibliography, etc | Bibliografía 479,520 p. |
| 505 0# - NOTA DE CONTENIDO | |
| Texto normalizado de contenido | v.1 : Presentación / Raymundo González, 9.-- Introducción, 13.-- Fuentes y metodología, 16.-- Las biografías, 18.-- Aportación historiográfica, 20.-- Abreviaturas utilizadas, 23.-- Sobre la nomenclatura de los nombres, 23.-- Cómo leer las notas al calce, 23.-- Diccionario biográfico. Caracas, 27.-- La población, 27.-- Lugares mencionados, 29.-- Etnias indígenas mencionadas, 29.-- Las biografías, 30.-- Cartagena de Indias, 89.-- La población, 89.-- Lugares mencionados, 91.-- Las biografías, 92.-- Cuba y La Florida, 197.-- La población, 197.-- Lugares mencionados, 199.-- Ingenios, 199.-- Las biografías, 200.-- Cumaná, 319.-- La población, 319.-- Lugares mencionados, 322.-- Etnias indígenas, 322.-- Las biografías, 323.-- Jamaica, 357.-- La población, 357.-- Lugares mencionados, 359.-- Las biografías, 360.-- La Española, 371.-- La población, 371.-- Lugares mencionados, 375.-- Hatos y hatillos mencionados, 375.-- Estancias e ingenios, 376.-- Establecimiento de palenques, 376.-- Las biografías, 377.<br/>v.2 : Introducción, 9.-- Fuentes y metodología, 12.-- Las biografías, 14.-- Aportación historiográfica, 16.-- Abreviaturas utilizadas, 19.-- Sobre la nomenclatura de los nombres, 19.-- Cómo leer las notas al calce, 19.-- Diccionario biográfico. La Margarita, 23.-- La población, 23.-- Lugares mencionados, 25.-- Las biografías, 26.-- Panamá. La población, 95.-- Lugares mencionados, 98.-- Etnias indígenas, 99.-- Pueblos de indios, 99.-- Pueblos de negros, 99.-- Las biografías, 100.-- Puerto Rico, 279.-- La población, 279.-- Lugares mencionados, 281.-- Las biografías, 282.-- Río de la Hacha, 381.-- La población, 381.-- Lugares mencionados, 383.-- Las biografías, 384.-- Santa Marta, 397.-- La población, 397.-- Lugares mencionados, 400.-- Etnias indígenas, 400.-- Las biografías, 401.-- Trinidad y Guayana, 439.-- La población, 439.-- Lugares mencionados, 441.-- Etnias indígenas, 441.-- Las biografías, 442.-- Bibliografía, 479. |
| 590 ## - NOTA LOCAL | |
| Enlace | Inventariado, 2021/VM |
| 650 #4 - ENCABEZAMIENTO DE MATERIA--TEMÁTICO | |
| Término temático o nombre geográfico como elemento de entrada | Biografías |
| Subdivisión de forma | Diccionarios. |
| 651 #4 - ENCABEZAMIENTO DE MATERIA--NOMBRE GEOGRÁFICO | |
| Nombre geográfico | Caribe (Región, República Dominicana) |
| Subdivisión de forma | Biografías |
| -- | Diccionarios |
| 651 #4 - ENCABEZAMIENTO DE MATERIA--NOMBRE GEOGRÁFICO | |
| Nombre geográfico | Caribe (Región) |
| Subdivisión temática general | Historia |
| Subdivisión cronológica | 1590-1620 |
| Subdivisión temática general | |
| Fuente del encabezamiento o término | |
| Enlace | |
| 651 #4 - ENCABEZAMIENTO DE MATERIA--NOMBRE GEOGRÁFICO | |
| Nombre geográfico | España |
| Subdivisión temática general | Historia |
| Subdivisión cronológica | 1590-1620 |
| 700 1# - ASIENTO SECUNDARIO -- NOMBRE PERSONAL | |
| Nombre personal | González, Raymundo |
| Fechas asociadas con el nombre | 1961- |
| Mención de responsabilidad | Presentador |
| 710 2# - ASIENTO SECUNDARIO -- NOMBRE CORPORATIVO | |
| Nombre corporativo o de jurisdicción | Archivo General de la Nación (República Dominicana). |
| 910 ## - VALIDACIÓN | |
| Validación | Mcabrera /VMateo |
| 942 ## - ADDED ENTRY ELEMENTS (KOHA) | |
| Source of classification or shelving scheme | Dewey Decimal Classification |
| Koha item type | Libros |
| Withdrawn status | Lost status | Source of classification or shelving scheme | Damaged status | Not for loan | Collection code | Home library | Current library | Date acquired | Source of acquisition | Total Checkouts | Full call number | Barcode | Date last seen | Copy number | Price effective from | Koha item type | Public note |
|---|---|---|---|---|---|---|---|---|---|---|---|---|---|---|---|---|---|
| Dewey Decimal Classification | Colección de Referencia Dominicana | Biblioteca Pública Metropolitana Salomé Ureña | Biblioteca Pública Metropolitana Salomé Ureña | 09/07/2021 | AGN | BPMSU CDR R920.0729 B972d 2020 | BPMSU21090053 | 09/07/2021 | v.1 | 09/07/2021 | Libros | Compra | |||||
| Dewey Decimal Classification | Colección de Referencia Dominicana | Biblioteca Pública Metropolitana Salomé Ureña | Biblioteca Pública Metropolitana Salomé Ureña | 09/07/2021 | AGN | BPMSU CDR R920.0729 B972d 2020 | BPMSU21090054 | 09/07/2021 | v.2 | 09/07/2021 | Libros | Compra | |||||
| Dewey Decimal Classification | Colección de Referencia Dominicana | Biblioteca Pública Metropolitana Salomé Ureña | Biblioteca Pública Metropolitana Salomé Ureña | 09/07/2021 | AGN | BPMSU CDR R920.0729 B972d 2020 | BPMSU24110032 | 11/19/2024 | v.2, e.2 | 09/07/2021 | Libros | Compra |